La Prensa Medica Argentina (Registro nro. 1244)
[ vista simple ]
| 000 -LEADER | |
|---|---|
| fixed length control field | 00875nas a22001817a 4500 |
| 008 - CAMPO DE CONTROL RECURSOS CONTINUADOS | |
| fixed length control field | 130312t20119999ag ||||| |||| 00| 0 spa d |
| 022 ## - INTERNATIONAL STANDARD SERIAL NUMBER | |
| International Standard Serial Number | 0032-745X |
| 245 ## - TITULO | |
| Titulo | La Prensa Medica Argentina |
| 260 ## - PUBLICACION, DISTRIBUCION, ETC. (PIE DE IMPRENTA) | |
| Lugar de publicación, distribución, etc | Buenos Aires: |
| Nombre de la editorial, distribuidor, etc. | Ediciones Medcias del Sur, |
| Fecha de publicación | 2011 |
| 300 ## - DESCRIPCION FISICA | |
| Extensión | v. : |
| 310 ## - FRECUENCIA ACTUAL DE LA PUBLICACION | |
| Frecuencia actual de la publicación | mensual |
| 546 ## - NOTA DE IDIOMA | |
| Nota de lenguaje | español |
| 590 ## - NOTAS LOCALES (RLIN) | |
| Nota local | Indizada en: Elsevier Bibliographic Databases, Thomson Reuters (BIOSIS), Swets Information Services, LILACS, British Library |
| 590 ## - NOTAS LOCALES (RLIN) | |
| Nota local | Existencias: 2011 98(6-10); 2012 98(9,10); 2013 99(1-10); 2014 100(1,2,3,4,5,6,7,8,9,10); ; 2015 101(1,2,3,4,5,6,7,8,9); 2016 102(2,3,4,5,6,7,8,10); 2017 103(1,2,3,4,5,6,7,8,9,10); 2018 104(1,2,3,4,5,6,7,8,9); 2019 105(1,2,3,8,10,11) |
| 650 ## - MATERIA-TERMINO TEMATICO | |
| Término temático | MEDICINA INTERNA |
| 9 (RLIN) | 1738 |
| 856 ## - LOCALIZACION ELECTRONICA Y ACCESO | |
| Identificador Uniforme de Recurso (URI) | <a href="http://www.prensamedica.com.ar/">http://www.prensamedica.com.ar/</a> |
| Nota pública | Solo permite ver los indices, no el free full text, click AQUI |
| 942 ## - ADDED ENTRY ELEMENTS (KOHA) | |
| Source of classification or shelving scheme | Dewey Decimal Classification |
| Item type | Continuing Resources |
No hay ítems disponibles.